000 00207nmm a2200085Ia 4500
008 150209s2015||||xx |||||||||||||||||und||
100 _aKULKARNI,NEETA
245 _aCLINICAL ANATOMY FOR STUDENTS
942 _2ddc
_cCD
999 _c5940
_d5940